| 000 | 00939nam a2200229 4500 | ||
|---|---|---|---|
| 001 | 122327 | ||
| 003 | ES-MaACL | ||
| 005 | 20250404185520.0 | ||
| 007 | t| | ||
| 008 | 070214s1951 sp r ||||1| spa d | ||
| 100 | 1 |
_aPousa Antelo, Avelino. _993472 |
|
| 245 | 1 | 0 |
_aTemas de agricultura _b: contestaciones al cuestionario para maestros / _cpor Avelino Pousa Antelo. |
| 260 |
_aLugo : _b[s.n.], _c1951 ( _fTip. La Voz de la Verdad) |
||
| 300 |
_a206 p. : _bil. ; _c21 cm. |
||
| 510 |
_aCCPB, _c001350016-3. |
||
| 650 | 7 |
_9145046 _aAgricultura- _xEnseƱanza |
|
| 852 |
_aES-MaACL _jD-6567 _bR.31377 _bR.M.6158 _9126871 _cSVI _hSello en tinta azul en cubierta: "Donativo". _zSello en tinta azul en cubierta: "21.DIC.1951". |
||
| 942 |
_2udc _cMONOGRAFIA |
||
| 999 |
_c122327 _d122327 |
||